000
00344 a2200157 4500
001
71317
020
_a
8532246796
040
_c
Anchieta - Colégio São Paulo
100
_a
Galdino, Luiz
240
1
0
_a
O rapto de Helena
_l
por
245
1
0
_a
O rapto de Helena
300
_a
87
362
0
_a
2001
650
4
_a
Literatura juvenil
942
_c
BK
999
_c
71317
_d
71317